| 000 | 01105nam0a22002891 4500 | ||
|---|---|---|---|
| 001 | v19\rc\1642345 | ||
| 005 | 20250619000445.0 | ||
| 035 | _a(NLR Aleph) 004755344 | ||
| 090 |
_a4556888 _c4556888 |
||
| 100 | _a20061002e18851885|||y0rusy50 ca | ||
| 101 | 0 | _arus | |
| 102 | _aRU | ||
| 105 | _ay z ||||| | ||
| 200 | 1 | _aЮбилей протоиерея П[етра] В[асильевича] Приклонского | |
| 210 |
_aМосква _cтип. Л.Ф. Снегирева _d1885 |
||
| 215 |
_a20 с. _d21 |
||
| 311 | _aИз № 47 "Моск. церк. вед." 1885 г. | ||
| 488 | 0 |
_12001#$aМосковские церковные ведомости$v1885, № 47 _tМосковские церковные ведомости |
|
| 532 | 1 | 3 | _aЮбилей протоиерея Петра Васильевича Приклонского |
| 702 | 1 |
_aПриклонский _bП.В. _gПетр Васильевич _4280 |
|
| 801 | 0 |
_aRU _bNLR _gpsbo |
|
| 801 | 0 |
_aRU _bRuMoRGB _2psbo |
|
| 801 | 1 |
_aRU _bProSoft-M _2rusmarc |
|
| 852 |
_aNLR _j18.188.2.433 |
||
| 899 | _aГПИБ | ||
| 942 | _cBOOK | ||
| 980 | _aNB | ||